Atlas of Egypt. Plate 6, General geological map /

محفوظ في:

مؤلف مشترك: Egypt. Maṣlaḥat al-Misāḥah

التنسيق: كتاب

اللغة: English

الموضوعات:

الوسوم: إضافة وسم

لا توجد وسوم, كن أول من يضع وسما على هذه التسجيلة!

رقم الطلب: (O.S.)G2490 .E4 1928

LEADER 01212namaa2200289 4500
001 18158
003 OSt
005 20210110080112.0
008 130303s1928 ua bf g 000 0 eng d
952 |0 0  |1 0  |2 lcc  |4 0  |7 1  |9 9307  |a ARCE  |b ARCE  |d 2021-01-10  |l 0  |o (O.S.)G2490 .E4 1928  |r 2021-01-10 00:00:00  |w 2021-01-10  |y MP 
999 |c 17689  |d 17689 
040 |c ARCE Library 
043 |a f-ua--- 
050 0 4 |a (O.S.)G2490 .E4 1928 
110 1 |6 880-01  |a Egypt.  |b Maṣlaḥat al-Misāḥah, 
245 1 0 |a Atlas of Egypt.  |n Plate 6,  |p General geological map /  |c published by the Survey of Egypt.  
264 1 |a [Cairo] :  |b Survey of Egypt,  |c 1928. 
300 |a 1 atlas [4 pages, 5 leaves of plates] :  |b color maps ;  |c 28 cm. 
336 |a text  |b txt  |2 rdacontent 
337 |a unmediated  |b n  |2 rdamedia 
338 |a volume  |b nc  |2 rdacarrier 
500 |a "Relief shown by contours and spot heights". 
650 0 |a Geology  |z Egypt  |v Maps. 
651 0 |a Egypt  |v Maps.  
880 1 |6 110-01/(3/r  |a مصر.‪‪‪‪‪‪‪‪‪‪‪‪‪‪‪‪‪‪‪‪‪‪‪‪‪‪‪‪‪  |b مصلحة المساحة.‪‪‪‪‪‪‪‪‪‪‪‪‪‪‪‪‪‪‪‪‪‪‪‪‪‪‪‪‪ 
901 |a reviewed 
942 |c MP  |2 lcc